Modern digital and analog communication systems (Record no. 66412)

000 -LEADER
fixed length control field 01262pam a2200313 a 4500
001 - CONTROL NUMBER
control field 4015839
003 - CONTROL NUMBER IDENTIFIER
control field NUST - PNEC
005 - DATE AND TIME OF LATEST TRANSACTION
control field 20170116180951.0
008 - FIXED-LENGTH DATA ELEMENTS--GENERAL INFORMATION
fixed length control field 970520s1998 nyua b 000 0 eng
010 ## - LIBRARY OF CONGRESS CONTROL NUMBER
LC control number 97016040
020 ## - INTERNATIONAL STANDARD BOOK NUMBER
International Standard Book Number 0195110099
040 ## - CATALOGING SOURCE
Transcribing agency LIBRARY
082 00 - DEWEY DECIMAL CLASSIFICATION NUMBER
Classification number 621.382 LAT
100 1# - MAIN ENTRY--PERSONAL NAME
Personal name Lathi, B. P.
Fuller form of name (Bhagwandas Pannalal)
245 10 - TITLE STATEMENT
Title Modern digital and analog communication systems
Statement of responsibility, etc. B.P. Lathi.
250 ## - EDITION STATEMENT
Edition statement 3rd ed.
260 ## - PUBLICATION, DISTRIBUTION, ETC.
Place of publication, distribution, etc. New York :
Name of publisher, distributor, etc. Oxford University Press,
Date of publication, distribution, etc. 1998.
300 ## - PHYSICAL DESCRIPTION
Extent xiii, 781 p. :
Other physical details ill. ;
Dimensions 25 cm.
440 #4 - SERIES STATEMENT/ADDED ENTRY--TITLE
Title The Oxford series in electrical and computer engineering
504 ## - BIBLIOGRAPHY, ETC. NOTE
Bibliography, etc. note Includes bibliographical references.
650 #0 - SUBJECT ADDED ENTRY--TOPICAL TERM
Topical term or geographic name entry element Telecommunication systems.
General subdivision Communication
650 #0 - SUBJECT ADDED ENTRY--TOPICAL TERM
Topical term or geographic name entry element Digital communications.
650 #0 - SUBJECT ADDED ENTRY--TOPICAL TERM
Topical term or geographic name entry element Statistical communication theory.
856 42 - ELECTRONIC LOCATION AND ACCESS
Materials specified Publisher description
Uniform Resource Identifier <a href="http://www.loc.gov/catdir/enhancements/fy0605/97016040-d.html">http://www.loc.gov/catdir/enhancements/fy0605/97016040-d.html</a>
856 41 - ELECTRONIC LOCATION AND ACCESS
Materials specified Table of contents only
Uniform Resource Identifier <a href="http://www.loc.gov/catdir/enhancements/fy0605/97016040-t.html">http://www.loc.gov/catdir/enhancements/fy0605/97016040-t.html</a>
906 ## - LOCAL DATA ELEMENT F, LDF (RLIN)
a 7
b cbc
c orignew
d 1
e ocip
f 19
g y-gencatlg
942 ## - ADDED ENTRY ELEMENTS (KOHA)
Source of classification or shelving scheme
Koha item type Book
Holdings
Withdrawn status Lost status Source of classification or shelving scheme Damaged status Not for loan Permanent Location Current Location Shelving location Date acquired Total Checkouts Full call number Barcode Date last seen Price effective from Koha item type
          Pakistan Navy Engineering College (PNEC) Pakistan Navy Engineering College (PNEC)       621.382 LAT PNECLIB-027117 09/08/2015   Book
          Pakistan Navy Engineering College (PNEC) Pakistan Navy Engineering College (PNEC)       621.382 LAT PNECLIB-025537 09/12/2015   Book
          Pakistan Navy Engineering College (PNEC) Pakistan Navy Engineering College (PNEC)       621.382 LAT PNECLIB-010912 10/03/2015   Book
© 2023 Central Library, National University of Sciences and Technology. All Rights Reserved.